| 000 | 00581nam a2200169 i 4500 | ||
|---|---|---|---|
| 001 | 88392 | ||
| 003 | ES-MaACL | ||
| 005 | 20230906175842.0 | ||
| 007 | t| | ||
| 008 | 050104s1956 sp ||||1| spa d | ||
| 100 | 1 |
_aLandeira de Compostela, Fernando. _9147685 |
|
| 245 | 1 | 3 |
_aEl relojero Juan Antonio Fernández Lombardero / _cFernando Landeira de Compostela. |
| 260 |
_aMadrid : _b[s.n., _c1956] ( _fArtes Gráfs. Faure) |
||
| 300 |
_a8 h. : _bil. ; _c27 cm. |
||
| 500 | _aEs separata de: Cuadernos de Relojería, nº 9, diciembre 1956. | ||
| 852 |
_aES-MaACL _j2000-F-18 _bR.41541 |
||
| 999 |
_c88392 _d88392 |
||